000
00295nam a2200121Ia 4500
008
190216s9999||||xx |||||||||||||| ||und||
100
_a
Romila Thapar.
245
0
_a
Interpreting Early India Cultural Pasts
260
_b
Oxford Newyork
_c
2008
300
_a
181
650
_a
History
942
_c
BK
999
_c
21198
_d
21198